Hospodářský zákonník Komentář

Saved in:
Bibliographic Details
Main Author: Dušánek, František
Format: Book
Language:Czech
Published: Praha Panorama 1986
Edition:1. vyd.
Series:Zákony - komentáře
Tags: Add Tag
No Tags, Be the first to tag this record!

MARC

LEADER 00000nam a2200000 4500
001 c028407
005 20221220073804.7
041 0 |a cze 
044 |a CZ 
245 1 0 |a Hospodářský zákonník  |b Komentář  |c František Dušánek a kol. 
250 |a 1. vyd. 
264 1 |a Praha  |b Panorama  |c 1986 
300 |a 666 s. 
490 1 |a Zákony - komentáře 
830 0 |a Zákony - komentáře 
100 1 |a Dušánek, František